Who's who in New Zealand and the western Pacific.

Uloženo v:
Podrobná bibliografie
Nový název:Who's who in New Zealand
Médium: Seriál
Jazyk:English
Vydáno: Masterton, N.Z. : [s.n.], -1941
Témata:
LEADER 01292aas a2200349 a 4500
001 c000152500
003 CARM
005 20020205155236.0
008 751101d19081941nz uu h 0 0eng d
010 |a sn 86032084 
019 1 |a 4559705  |5 LACONCORD2021 
022 |a 0083-9655 
035 |a (OCoLC)1769841  |5 LACONCORD2021 
040 |a MnMULS  |b eng  |c MnMULS  |d N  |d InU  |d NST  |d MH  |d OCoLC  |d CLU  |d LC 
042 |a lcd 
043 |a u-nz---  |a p------ 
050 1 4 |a DU402  |b .W5 
245 0 0 |a Who's who in New Zealand and the western Pacific. 
246 1 0 |a Who's who in New Zealand 
260 |a Masterton, N.Z. :  |b [s.n.],  |c -1941  |e (Napier, N.Z. :  |f G.W. Venables & Co., Ltd.). 
300 |a v. ;  |c 18 cm. 
362 1 |a Began with 1908? 
362 0 |a -4th ed. (1941). 
500 |a Printer varies: <4th ed., 1941> printed in Wellington, by L.T. Watkins Ltd. 
500 |a Description based on: 1925. 
651 0 |a New Zealand  |v Biography. 
785 0 0 |t Who's who in New Zealand  |w (DLC)sn 93030028  |w (OCoLC)10927180 
852 8 |b CARM  |h A2:AB06A0  |i B02506  |p 0093060  |f SE 
866 0 |a 1908 
866 0 |a 1908 
999 f f |i aec352bd-d791-51da-b3c2-698433082af9  |s f8127771-8692-53ce-bca0-d2f5e8c656ab 
952 f f |p Can circulate  |a CAVAL  |b CAVAL  |c CAVAL  |d CARM 1 Store  |e B02506  |f A2:AB06A0  |h Other scheme  |i book  |k  1908  |m 0093060